Personality disorders toward the DSM-V (Record no. 5897)

MARC details
000 -LEADER
fixed length control field 00717nam a22002297a 4500
003 - CONTROL NUMBER IDENTIFIER
control field OSt
005 - DATE AND TIME OF LATEST TRANSACTION
control field 20260422023534.0
008 - FIXED-LENGTH DATA ELEMENTS--GENERAL INFORMATION
fixed length control field 251120b |||||||| |||| 00| 0 eng d
020 ## - INTERNATIONAL STANDARD BOOK NUMBER
International Standard Book Number 978-1-4129-0422-3.
040 ## - CATALOGING SOURCE
Original cataloging agency DWCL-Main lib
Transcribing agency OC
082 ## - DEWEY DECIMAL CLASSIFICATION NUMBER
Classification number Gr. 616.8581 P467 2007
100 ## - MAIN ENTRY--PERSONAL NAME
Personal name O'Donohue, William
245 ## - TITLE STATEMENT
Title Personality disorders toward the DSM-V
Statement of responsibility, etc. O'Donohue, William
260 ## - PUBLICATION, DISTRIBUTION, ETC.
Place of publication, distribution, etc. California :
Name of publisher, distributor, etc. Sage Publications, Inc.,
Date of publication, distribution, etc. c2007.
300 ## - PHYSICAL DESCRIPTION
Extent xvii, 398 pages ;
Dimensions 25 cm.
504 ## - BIBLIOGRAPHY, ETC. NOTE
Bibliography, etc. note Includes bibliographical references and index.
650 ## - SUBJECT ADDED ENTRY--TOPICAL TERM
Source of heading or term 1. Personality disorders.
650 ## - SUBJECT ADDED ENTRY--TOPICAL TERM
Source of heading or term 2. Psychotheraphy.
700 ## - ADDED ENTRY--PERSONAL NAME
Personal name Fowler, Katherine A.
700 ## - ADDED ENTRY--PERSONAL NAME
Personal name Lilien, Scott A.
942 ## - ADDED ENTRY ELEMENTS (KOHA)
Source of classification or shelving scheme Dewey Decimal Classification
Koha item type General Reference
Call number prefix Gr.
Suppress in OPAC No
952 ## - LOCATION AND ITEM INFORMATION (KOHA)
--
Holdings
Withdrawn status Lost status Source of classification or shelving scheme Damaged status Not for loan Home library Current library Shelving location Date acquired Source of acquisition Total Checkouts Full call number Barcode Date last seen Copy number Price effective from Koha item type Uniform Resource Identifier
    Dewey Decimal Classification     College Library College Library General Reference 07/02/2008 School Fund   Gr. 616.8581 P467 2007 CL46046 11/20/2025 c1 11/20/2025 GR